000 00574nam a22001817a 4500
005 20251108164401.0
008 250721s1998 xx 000 0 ara d
082 1 4 _a413.124/خول
100 1 _aالخولي، محمد علي
245 1 0 _aالتراكيب الشائعة في اللغة العربية :
_bدراسة إحصائية /
264 1 _aعمان :
_bدار الفلاح للنشر،
_c1998.
300 _a220ص
650 1 7 _aاللغة العربية
650 1 7 _aالأخطاء
650 1 7 _aقواعد اللغة
942 _2ddc
_cBK
999 _c10816
_d10816